00491nam a2200157Ia 450000500170000000800410001708200130005810000210007124500390009226000350013130000130016650000380017994200060021795200950022399900150031820250612030226.0240331s9999 xx 000 0 und d bASIa320 aMarga Ayathanaya 0aAsiyanu sanwardhanaye deshpalanaya aColombobMarga Institutec1975 a297 p ., aThe Politics of Asian Development cL 001040708LaWERCLbWERCLcSSCd2024-03-31l0o 320 ASIp1466r2024-03-31w2024-03-31yL c2247d2247